Statistiques concernant les as de la jungle

Cliquez ici pour prendre le quiz!

Statistiques générales

  • Ce quiz a été pris 36 fois
  • Le résultat moyen est 4 sur 6

Statistiques - réponses

HintRéponse% Correct
le gorillemiguel
93%
le pingouinmaurice
90%
le poissonjunior
83%
le tarsiergilbert
79%
la chauve sourisbatricia
66%
les crapauxbob et al
34%

Distribution des résultats

Percentile par nombre de réponses

% des personnes avec chaque résultat

Votre développement - résultats

Vous n’avez pas pris ce quiz